Estadísticas para Capitales del mundo más cercanas a Nicosia

Haz click aquí para intentar la prueba.

Estadísticas generales

  • Esta prueba ha sido intentada 39 veces
  • La puntuación promedio es 14 de 20

Estadísticas de respuestas

kmcapital% Correcto
530Ankara
100%
914Atenas
95%
244Beirut
86%
605El Cairo
86%
417Jerusalén
86%
1205Sofía
78%
1201Bucarest
76%
326Damasco
73%
1366Tirana
73%
430Amán
68%
1533Belgrado
68%
1462Podgorica
62%
1562Bakú
59%
1283Skopie
59%
1127Ereván
57%
1343Pristina
57%
1370Chișinău
54%
1235Tiflis
54%
1033Bagdad
49%
1518Kuwait
38%

Distribución de puntuación

Porcentaje por número respondido

Porcentaje de gente con cada puntuación

Historial de tus puntuaciones

No has intentado esta prueba.